The peril of two hats (Record no. 84742)

MARC details
000 -LEADER
fixed length control field 00831cad a22002295a 4500
001 - CONTROL NUMBER
control field L158947
008 - FIXED-LENGTH DATA ELEMENTS--GENERAL INFORMATION
fixed length control field 121219e2015 xxk 000 0 eng d
035 ## - SYSTEM CONTROL NUMBER
System control number (Sirsi) u158947
041 0# - LANGUAGE CODE
Language code of text/sound track or separate title eng
100 1# - MAIN ENTRY--PERSONAL NAME
Personal name Jenkins, H.
245 04 - TITLE STATEMENT
Title The peril of two hats
Medium [electronic resource]
260 ## - PUBLICATION, DISTRIBUTION, ETC.
Date of publication, distribution, etc. 2015
490 ## - SERIES STATEMENT
Series statement RICS Property Journal
Volume/sequential designation November 2015, 14-15(2)
520 ## - SUMMARY, ETC.
Summary, etc. Explaines the risks of chartered surveyors acting as expert advisers and expert witnesses in the same case.
650 24 - SUBJECT ADDED ENTRY--TOPICAL TERM
Topical term or geographic name entry element Expert witness
9 (RLIN) 6239
650 24 - SUBJECT ADDED ENTRY--TOPICAL TERM
Topical term or geographic name entry element JONES V KANEY
651 #4 - SUBJECT ADDED ENTRY--GEOGRAPHIC NAME
Geographic name United Kingdom
Chronological subdivision
690 ## - LOCAL SUBJECT ADDED ENTRY--TOPICAL TERM (OCLC, RLIN)
Topical term or geographic name as entry element Dispute resolution
9 (RLIN) 6236
710 ## - ADDED ENTRY--CORPORATE NAME
Corporate name or jurisdiction name as entry element Royal Institution of Chartered Surveyors
9 (RLIN) 4900
856 40 - ELECTRONIC LOCATION AND ACCESS
Uniform Resource Identifier <a href="https://www.rics.org/uk/news/journals/property-journal">https://www.rics.org/uk/news/journals/property-journal</a>
Public note View the journal free of charge at www.rics.org/journals...
942 ## - ADDED ENTRY ELEMENTS (KOHA)
Suppress in OPAC 0
Holdings
Withdrawn status Lost status Source of classification or shelving scheme Damaged status Not for loan Home library Current library Shelving location Date acquired Total Checkouts Full call number Barcode Date last seen Copy number Price effective from Koha item type
    Dewey Decimal Classification     London London Journal article 21/10/2015   L158947 158947-3001 06/08/2019 1 06/08/2019 Journal article
    Dewey Decimal Classification     Virtual Virtual Journal article 21/10/2015   L158947 158947-2001 06/08/2019 1 06/08/2019 Journal article